UBT Library

Hess Collection / (Record no. 44135)

000 -LEADER
fixed length control field 00613nam a2200229 a 4500
001 - CONTROL NUMBER
control field 1991402
005 - DATE AND TIME OF LATEST TRANSACTION
control field 20180306034211.0
008 - FIXED-LENGTH DATA ELEMENTS--GENERAL INFORMATION
fixed length control field 891208s1989 sz a c 000 0 ger
010 ## - LIBRARY OF CONGRESS CONTROL NUMBER
LC control number 89214879
020 ## - INTERNATIONAL STANDARD BOOK NUMBER
International Standard Book Number 3258040702
040 ## - CATALOGING SOURCE
Original cataloging agency DLC
Transcribing agency DLC
041 ## - LANGUAGE CODE
Language code of text/sound track or separate title eng
043 ## - GEOGRAPHIC AREA CODE
Geographic area code n-us-ca
080 ## - UNIVERSAL DECIMAL CLASSIFICATION NUMBER
Universal Decimal Classification number 709.04507479419 RON
082 00 - DEWEY DECIMAL CLASSIFICATION NUMBER
Classification number 709.04507479419 RON
Edition number 20
100 1# - Rafti
Rafti 44
101 ## - Shkurtesa
Shkurtesa ART
245 10 - TITLE STATEMENT
Title Hess Collection /
Statement of responsibility, etc Dieter Ronte.
906 ## - LOCAL DATA ELEMENT F, LDF (RLIN)
a 7
b cbc
c orignew
d 3
e ncip
f 19
g y-gencatlg
942 ## - ADDED ENTRY ELEMENTS (KOHA)
Source of classification or shelving scheme
Item type Books
Holdings
Withdrawn status Lost status Source of classification or shelving scheme Damaged status Not for loan Collection code Permanent location Current location Shelving location Date acquired Total Checkouts Full call number Barcode Date last seen Price effective from Koha item type
          Koleksioni i përgjithshem UBT - Lipjan UBT - Lipjan Koleksioni i përgjithshem 03/06/2018   709.04507479419 RON 002-3001193 03/06/2018 03/06/2018 Books
UBT Library © 2015-2024. All rights reserved University Education for Business and Technology